Films de Christopher Nolan - Mort subite - Statistiques

Statistiques générales
  • Ce quiz a été pris 83 fois
  • Le résultat moyen est 7 sur 10
Answers on the Grid
Answers color-coded by a green-red scale on the quiz's grid according to % correct below.
The Dark Knight
Bienvenue à Gattaca
Tenet
1917
Insomnia
Le Prestige
Oppenheimer
The Batman
Dunkerque
Ad Astra
Gravity
Orgueil et Préjugés
Inception
Following
The Revenant
Memento
Joker
First Man : Le Premier Homme sur la Lune
Premier Contact
Interstellar
 
Statistiques - réponses
Réponse % Correct
The Dark Knight
97%
Tenet
82%
Inception
77%
Oppenheimer
77%
Interstellar
74%
Dunkerque
70%
Memento
61%
Le Prestige
54%
Insomnia
48%
Following
30%
Aucun quiz correspondant
Distribution des résultats
% des personnes avec chaque résultat
Percentile par nombre de réponses
Votre historique - résultats
Vous n’avez pas pris ce quiz